Interpretación y análisis de la obra literaria /
Guardado en:
| Autor Principal: | |
|---|---|
| Formato: | Libro |
| Idioma: | Undetermined |
| Publicado: |
Madrid :
Gredos,
1954.
|
| Materias: | |
| Etiquetas: |
Agregar Etiqueta
Sin Etiquetas, Sea el primero en etiquetar este registro!
|
| LEADER | 00502nam a22001575a 4500 | ||
|---|---|---|---|
| 001 | EHU.bham046315 | ||
| 005 | 20110503101836.0 | ||
| 008 | 110503s1954####sp############000#0#und#d | ||
| 100 | 1 | |a Kayser, Wolfgang. | |
| 245 | 0 | 0 | |a Interpretación y análisis de la obra literaria / |c Wolfgang Kayser. |
| 260 | |a Madrid : |b Gredos, |c 1954. | ||
| 300 | |a 708 p. | ||
| 653 | |a Análisis literario. | ||
| 653 | |a Estilo literario. | ||
| 653 | |a Literatura. | ||
| 859 | |a AR-BHAM |b BIB. HUMANIDADES - Donacion Lejarraga |h MFN000534 |p 000534.19 | ||
